00313nam a22000857a 4500008004100000082001500041245006900056260009400125300000800219230606b xxu||||| |||| 00| 0 eng d a338.9bKEN aQuarterly Economic and Budgetary ReviewbFirst Quarter 2009/2010 aNairobi,KenyabOffice of the Deputy Prime Minister and Ministry of FinancecNovember,2009 a35p